Inseparable Algebras /

Saved in:
Bibliographic Details
Main Author: Holleman, Aalbert
Format: Book (Paper)
Language:English
Published: New York : Academic Press , 1973
Tags: Add Tag
No Tags, Be the first to tag this record!
Institutions: Thư viện Trường Đại học Đà Lạt
LEADER 00555nam a2200241 4500
001 DLU020011293
005 ##1/3/2000
041 # # |a eng 
082 # # |a 512.4  |b HO-A 
090 # # |a 512.4  |b HO-A 
100 # # |a Holleman, Aalbert 
245 # # |a Inseparable Algebras /  |c Holleman Aalbert 
260 # # |a New York :  |b Academic Press ,  |c 1973 
300 # # |a X, 121 tr.;   |c 23 cm. 
992 # # |a 3000 
994 # # |a DLU 
900 # # |a False 
911 # # |a Administrator 
925 # # |a G 
926 # # |a A 
927 # # |a SH 
980 # # |a Thư viện Trường Đại học Đà Lạt